[Event "EIWCC 2018"]
[Site "Vysoke Tatry"]
[Date "2018.04.10"]
[Round "3"]
[White "Sargsyan, Anna M"]
[Black "Shvayger, Yuliya"]
[Result "0-1"]
[WhiteElo "2276"]
[BlackElo "2404"]
[Annotator "TA"]
[PlyCount "134"]
[EventDate "2018.??.??"]
[EventType "swiss"]
[EventCountry "SVK"]
[SourceTitle "playchess.com"]
[Source "ChessBase"]
[SourceQuality "1"]

{[%evp 15,134,15,34,23,29,0,0,-25,-20,-20,-10,-17,-21,-21,-18,-20,15,9,0,0,39,-37,-28,-12,12,0,21,0,0,0,25,27,25,21,23,18,21,0,23,32,36,30,29,28,31,0,0,0,0,0,0,-8,-16,-24,-19,-28,-6,-58,0,0,0,-58,-58,-58,-58,-58,-58,-58,-58,-58,-32,-58,-32,-58,-33,-57,-46,-96,-96,-96,-87,-87,-87,-87,-87,-87,-87,-178,-58,-227,-227,-225,-223,-212,-212,-212,-205,-337,-241,-403,-206,-323,-329,-737,-714,-1218,-1228,-1169,-1065,-1509,-1394,-8502,-5218,-2792,-1938,-5804,-4614,-29982,-29983,-29983,-29984]} 1. d4 Nf6 2. Nf3 g6 3. g3 Bg7 4. c4 O-O 5. Bg2 d6 6. Nc3 Nc6 7. O-O Rb8 8. h3 Bf5 {LiveBook: 16 Games. E62: King's Indian: Fianchetto: 6...c6 and Panno Variation (6...Nc6) without ...a6} 9. g4 Bd7 10. d5 $146 ({Predecessor:} 10. e4 e5 11. Be3 a6 12. dxe5 Nxe5 13. Nxe5 dxe5 14. f4 exf4 15. Bxf4 Ne8 16. e5 {1-0 (34) Aronian,L (2741)-Inarkiev,E (2674) Khanty-Mansiysk 2007}) 10... Na5 $1 {The position is equal.} 11. Nd2 c6 12. b4 Nxc4 $1 13. Nxc4 Nxd5 14. Nxd5 {[#] aiming for Bb2.} Bxa1 15. Bh6 Bh8 16. Nf4 {[%cal Bd5f4,Bf4e2,Be2d4][%mdl 32]} Re8 17. e4 b5 18. Ne3 (18. Na5 $1 $14) 18... e5 19. Ne2 Be6 20. Qd2 Qe7 21. f4 exf4 $1 22. Bxf4 Rbd8 23. Nd4 Bd7 24. Nf3 Be5 25. Bg5 Bf6 26. Bf4 Be5 $1 {[%cal Re5f4]} ({Reject} 26... Qxe4 $6 27. Ne5 $16) 27. Bxe5 dxe5 28. Qc3 f6 29. a3 Rf8 30. Nd2 Be6 31. Nb3 Bxb3 32. Qxb3+ Kg7 33. Rc1 Rd6 34. Qc3 Rfd8 35. Bf1 a6 36. Qc5 (36. Qe1 $11) 36... Kf7 (36... Qe6 $15) 37. Qb6 $11 Qe6 38. Rxc6 (38. Rc3 $11) 38... R8d7 $1 $15 39. Rxd6 Qxd6 40. Qxd6 Rxd6 41. Nd5 Rc6 {[%mdl 1024] Black has compensation.} 42. Kf2 Rc1 43. Bd3 Ra1 44. Ke3 Rxa3 45. Kd2 a5 46. Kc2 axb4 47. Nxb4 Ra1 48. Bxb5 Rh1 49. Bc4+ Kg7 50. Nd5 Rxh3 51. Nc7 {[#]} (51. Kd2 $17) 51... Kh6 ({Black should try} 51... h5 $1 $19 {[%cal Rh5h4] And now ...h4 would win.} 52. Ne8+ Kh6 53. gxh5 gxh5) 52. Kd2 $2 (52. Ne6 $1 $15) 52... Kg5 $19 53. Be6 Kf4 54. Nd5+ Kxe4 {...Rd3+ is the strong threat.} 55. Nxf6+ Kd4 56. Bd5 (56. g5 $142 Rh2+ 57. Kd1) 56... Rh2+ 57. Kd1 $2 (57. Ke1) 57... h6 (57... Rf2 $142 58. g5 h5) 58. Bc6 (58. g5 $142) 58... Rf2 59. Ng8 $2 (59. Ne8) 59... h5 60. gxh5 gxh5 61. Ne7 e4 62. Ke1 Rf6 63. Bd7 Rf7 64. Nc6+ Ke3 65. Be6 Rf6 66. Bd5 h4 67. Ne5 Kd4 {Precision: White = 31%, Black = 61%.} 0-1

[Event "EIWCC 2018"]
[Site "Vysoke Tatry"]
[Date "2018.04.10"]
[Round "3"]
[White "Paramzina, Anastasya"]
[Black "Atalik, Ekaterina"]
[Result "0-1"]
[WhiteElo "2271"]
[BlackElo "2452"]
[Annotator "TA"]
[PlyCount "88"]
[EventDate "2018.??.??"]
[EventType "swiss"]
[EventCountry "SVK"]
[SourceTitle "playchess.com"]
[Source "ChessBase"]
[SourceQuality "1"]

{[%evp 23,88,14,8,17,72,86,139,87,78,78,78,84,70,83,97,56,73,8,51,51,52,39,38,48,55,57,67,57,75,71,68,75,87,78,81,76,93,68,74,66,76,55,63,29,68,35,43,-918,-889,-800,-288,-824,-824,-824,-824,-820,-799,-29990,-29991,-29991,-29992,-29992,-29993,-29993,-29994,-29994,-29995]} 1. e4 c6 2. d4 d5 3. exd5 cxd5 4. Bd3 Nc6 5. c3 Nf6 6. Bf4 Bg4 7. Qb3 Qc8 8. Nd2 e6 9. Ngf3 Be7 10. O-O Bh5 11. Ne5 Nxe5 12. dxe5 {B13: Caro-Kann: Exchange Variation and Panov-Botvinnik Attack} (12. Bxe5 O-O 13. Rac1 Bg6 14. Bxg6 hxg6 15. c4 Qd7 16. c5 Rfc8 17. Qd3 a5 18. Rc3 Qc6 19. Rfc1 Ne4 20. Nxe4 dxe4 {½-½ (50) Wei,Y (2696)-Zhou,J (2620) Wuxi 2016}) 12... Nd7 {LiveBook: 6 Games} 13. c4 dxc4 (13... d4 $11) 14. Nxc4 $16 {White is better.} Nc5 $146 {[#]} (14... O-O $142) ({Predecessor:} 14... O-O 15. Rac1 Nc5 16. Bxh7+ Kxh7 17. Qh3 g6 18. g4 Qd7 19. gxh5 {½-½ (38) Sirkova,D (1980)-Trifonova,S (2013) Plovdiv 2008}) 15. Qb5+ (15. Nd6+ $142 $1 Bxd6 16. Qb5+ Qd7 17. exd6 Nxd3 18. Qxd3) 15... Qd7 16. Nd6+ Bxd6 17. exd6 Nxd3 18. Qxd3 {Hoping for Rfc1.} O-O 19. Rac1 {Black must now prevent Rc7.} Rfc8 20. Qe3 (20. Qh3 $16 Be2 21. Rfe1) 20... Rc6 21. Rxc6 bxc6 22. Rc1 {Qc5 is the strong threat.} f6 23. Qc5 Be8 24. Be3 a6 25. b3 Rb8 26. Qa3 e5 27. Bc5 Ra8 28. Rc4 Bf7 29. Ra4 Qc8 30. Bb6 Bd5 31. h3 h6 32. Bc7 Kh7 33. Qb4 Qf5 34. Ra5 e4 35. Qb7 $2 {[%mdl 8192] [#]} (35. Rc5 $14) 35... e3 $1 $19 {[%mdl 512]} 36. fxe3 {[#]} Re8 $2 (36... c5 $1 {[%mdl 512]} 37. Qxa8 (37. Rxc5 Qb1+) 37... Bxa8 38. Rxa6 Bd5) 37. Bb6 $2 {[#]} ({Don't play} 37. Qxa6 Rxe3 38. Qf1 Qe5 $17) (37. Qb6 c5 38. Qxc5) 37... c5 $1 {[%mdl 512]} 38. Qxa6 (38. Rxc5 Qb1+) 38... Rxe3 39. Qf1 Qe6 {( -> ...Re1)} 40. d7 Re1 {Black mates.} 41. d8=Q Qe3+ 42. Kh2 Qe5+ 43. Kg1 Qd4+ 44. Kh2 Rxf1 {Precision: White = 37%, Black = 46%.} 0-1

[Event "EIWCC 2018"]
[Site "Vysoke Tatry"]
[Date "2018.04.10"]
[Round "3"]
[White "Kantane, Anna"]
[Black "Froewis, Annika"]
[Result "1-0"]
[WhiteElo "2266"]
[BlackElo "2113"]
[Annotator "NA"]
[PlyCount "95"]
[EventDate "2018.??.??"]
[EventType "swiss"]
[EventCountry "SVK"]
[SourceTitle "playchess.com"]
[Source "ChessBase"]
[SourceQuality "1"]
[TimeControl "40/5400+30:1800+30"]

1. e4 {[%emt 0:00:00]} e6 {[%emt 0:00:04]} 2. c4 {[%emt 0:04:24]} d5 {[%emt 0:00:16]} 3. cxd5 {[%emt 0:00:10]} exd5 {[%emt 0:00:07]} 4. exd5 {[%emt 0:00:06]} Qxd5 {[%emt 0:04:12]} 5. Nc3 {[%emt 0:00:44]} Qd8 {[%emt 0:06:04]} 6. d4 {[%emt 0:01:28]} c6 {[%emt 0:00:59]} 7. Bc4 {[%emt 0:21:12]} Bb4 {[%emt 0:06:21]} 8. Bxf7+ {[%emt 0:04:20]} Kxf7 {[%emt 0:02:43]} 9. Qb3+ {[%emt 0:00:13]} Be6 {[%emt 0:01:12]} 10. Qxb4 {[%emt 0:00:16]} Qe7 {[%emt 0:03:48]} 11. Qxe7+ {[%emt 0:00:38]} Nxe7 {[%emt 0:00:25]} 12. Nf3 {[%emt 0:03:23]} h6 {[%emt 0:02:08]} 13. Ne5+ {[%emt 0:02:04]} Kg8 {[%emt 0:00:37]} 14. O-O {[%emt 0:02:46]} Na6 {[%emt 0:04:36]} 15. Re1 {[%emt 0:06:21]} Re8 {[%emt 0:10:27]} 16. Ne4 {[%emt 0:17:04]} b6 {[%emt 0:10:59]} 17. a3 {[%emt 0:06:33]} Rd8 {[%emt 0:03:52]} 18. Be3 {[%emt 0:00:10]} Kh7 {[%emt 0:01:16]} 19. Rac1 {[%emt 0:03:00]} Bd5 {[%emt 0:04:13]} 20. Nc3 {[%emt 0:01:43]} Bb3 {[%emt 0:03:45]} 21. f3 {[%emt 0:04:20]} Rhe8 {[%emt 0:01:35]} 22. Ne4 {[%emt 0:02:37]} Bd5 {[%emt 0:01:48]} 23. Bf2 {[%emt 0:00:46]} Nc7 {[%emt 0:07:36]} 24. Bh4 {[%emt 0:03:05]} Ne6 {[%emt 0:08:29]} 25. Nc3 {[%emt 0:06:29]} g5 {[%emt 0:02:37]} 26. Bf2 {[%emt 0:00:10]} Nf5 {[%emt 0:05:28]} 27. Nxd5 {[%emt 0:04:19]} cxd5 {[%emt 0:00:16]} 28. Nc6 {[%emt 0:02:52]} Rc8 {[%emt 0:05:05]} 29. Nxa7 {[%emt 0:01:42]} Rxc1 {[%emt 0:00:11]} 30. Rxc1 {[%emt 0:00:02]} Nexd4 {[%emt 0:00:44]} 31. Rd1 {[%emt 0:00:35]} Ne2+ {[%emt 0:01:27]} 32. Kf1 {[%emt 0:00:07]} Nf4 {[%emt 0:01:42]} 33. g3 {[%emt 0:00:41]} Nh3 {[%emt 0:00:46]} 34. Rxd5 {[%emt 0:01:01]} Nxf2 {[%emt 0:00:51]} 35. Kxf2 {[%emt 0:00:11]} Ne3 {[%emt 0:00:22]} 36. Rd7+ {[%emt 0:00:30]} Kg8 {[%emt 0:00:39]} 37. Nb5 {[%emt 0:01:05]} Nc4 {[%emt 0:00:38]} 38. Nd6 {[%emt 0:01:02]} Ne5 {[%emt 0:00:36]} 39. Nxe8 {[%emt 0:00:29]} Nxd7 {[%emt 0:00:03]} 40. Ke3 {[%emt 0:00:00]} Kf7 {[%emt 0:00:29]} 41. Nc7 {[%emt 0:01:13]} Ne5 {[%emt 0:02:33]} 42. b3 {[%emt 0:06:04]} g4 {[%emt 0:02:14]} 43. fxg4 {[%emt 0:01:35]} Nxg4+ {[%emt 0:00:08]} 44. Kf4 {[%emt 0:00:15]} Nf6 {[%emt 0:01:34]} 45. Kf5 {[%emt 0:06:06]} h5 {[%emt 0:01:52]} 46. h3 {[%emt 0:04:02]} Nd7 {[%emt 0:02:00]} 47. Nd5 {[%emt 0:01:07]} b5 {[%emt 0:01:33]} 48. b4 {[%emt 0:01:29]} 1-0

[Event "EIWCC 2018"]
[Site "Vysoke Tatry"]
[Date "2018.04.10"]
[Round "3"]
[White "Ionescu, Irina"]
[Black "Szczepkowska, Karina"]
[Result "1/2-1/2"]
[WhiteElo "2247"]
[BlackElo "2403"]
[Annotator "ChessBase"]
[PlyCount "50"]
[EventDate "2018.??.??"]
[EventType "swiss"]
[EventCountry "SVK"]
[SourceTitle "playchess.com"]
[Source "ChessBase"]
[SourceQuality "1"]
[TimeControl "40/5400+30:1800+30"]

1. d4 {[%emt 0:00:00]} Nf6 {[%emt 0:00:11]} 2. Nf3 {[%emt 0:00:00]} e6 {[%emt 0:01:06]} 3. Bf4 {[%emt 0:00:31]} d5 {[%emt 0:04:57]} 4. e3 {[%emt 0:00:59]} c5 {[%emt 0:00:53]} 5. c3 {[%emt 0:00:21]} Nc6 {[%emt 0:01:01]} 6. h3 {[%emt 0:02:28]} Bd6 {[%emt 0:02:14]} 7. Bxd6 {[%emt 0:09:22]} Qxd6 {[%emt 0:00:09]} 8. Nbd2 {[%emt 0:00:24]} O-O {[%emt 0:09:29]} 9. Bd3 {[%emt 0:03:19]} e5 {[%emt 0:08:23]} 10. dxe5 {[%emt 0:00:21]} Nxe5 {[%emt 0:00:05]} 11. Nxe5 {[%emt 0:00:33]} Qxe5 {[%emt 0:00:05]} 12. O-O {[%emt 0:00:19]} Bd7 {[%emt 0:07:26]} 13. Qf3 {[%emt 0:12:51]} Bc6 {[%emt 0:05:55]} 14. Qf5 {[%emt 0:01:34]} Qxf5 {[%emt 0:02:15]} 15. Bxf5 {[%emt 0:00:07]} Rad8 {[%emt 0:02:10]} 16. Rfd1 {[%emt 0:06:16]} d4 {[%emt 0:04:48]} 17. exd4 {[%emt 0:03:07]} cxd4 {[%emt 0:00:07]} 18. cxd4 {[%emt 0:00:07]} Rxd4 {[%emt 0:00:06]} 19. Nb3 {[%emt 0:01:19]} Rd5 {[%emt 0:00:36]} 20. Rxd5 {[%emt 0:02:12]} Bxd5 {[%emt 0:01:26]} 21. Nd4 {[%emt 0:01:59]} g6 {[%emt 0:01:03]} 22. Bc2 {[%emt 0:01:03]} Rc8 {[%emt 0:01:54]} 23. Rd1 {[%emt 0:06:00]} a6 {[%emt 0:02:14]} 24. Bb3 {[%emt 0:00:59]} Bxb3 {[%emt 0:00:38]} 25. Nxb3 {[%emt 0:00:06]} Rc2 {[%emt 0:02:10]} 1/2-1/2

[Event "EIWCC 2018"]
[Site "Vysoke Tatry"]
[Date "2018.04.10"]
[Round "3"]
[White "Velikic, Adela"]
[Black "Milliet, Sophie"]
[Result "1-0"]
[WhiteElo "2241"]
[BlackElo "2391"]
[Annotator "TA"]
[PlyCount "121"]
[EventDate "2018.??.??"]
[EventType "swiss"]
[EventCountry "SVK"]
[SourceTitle "playchess.com"]
[Source "ChessBase"]
[SourceQuality "1"]

{[%evp 14,121,46,40,64,44,37,35,59,-30,95,93,78,-14,-17,-60,-54,-64,0,-31,-40,-45,-43,-43,-33,-47,0,0,21,-4,-6,-7,0,0,0,0,0,0,0,0,0,0,-2,-10,0,0,0,0,0,0,42,0,0,0,0,0,0,0,134,128,140,122,131,135,112,128,141,106,115,115,108,120,114,117,249,104,101,108,139,132,156,108,102,102,96,8,9,0,0,0,0,-389,355,399,340,342,627,630,616,604,643,0,636,630,595,575,563,539,6186,5337]} 1. e4 c5 2. Nf3 d6 3. d4 cxd4 4. Nxd4 Nf6 5. Nc3 a6 6. h3 g6 7. Be3 {B90: Sicilian Najdorf: Unusual White 6th moves, 6 Be3 Ng4 and 6 Be3 e5} (7. g3 Nc6 8. Be3 Bg7 9. Bg2 O-O 10. O-O Nd7 11. b3 Nxd4 12. Bxd4 Bxd4 13. Qxd4 b6 14. Nd5 Bb7 {½-½ (40) Carlsen,M (2832)-Nakamura,H (2785) Stavanger 2017}) 7... Bg7 8. g4 {[%cal Bg2g4,Bg4g5][%mdl 32] LiveBook: 52 Games} Bd7 9. g5 {White is slightly better.} Nh5 10. Be2 Nc6 11. Nd5 $146 (11. Bxh5 $14 gxh5 12. Nb3) ({Predecessor:} 11. Nb3 Bxc3+ 12. bxc3 Ng7 13. h4 Qc7 14. Qd2 Rc8 15. f4 Na5 16. Nxa5 Qxa5 {0-1 (27) Martinez Romero,M (2343)-Becerra,J (2280) Silvania 2011}) 11... O-O (11... e6 $1 $11 {remains equal.} 12. Nxc6 Bxc6) 12. Bxh5 $16 gxh5 13. Nxc6 ({White should play} 13. Rg1 $16) 13... Bxc6 $11 14. Bb6 Qd7 15. c3 Rac8 (15... e6 $15 16. Nf6+ Bxf6 17. gxf6 Bxe4 18. Qxh5 Kh8) 16. Be3 Bxd5 17. Qxd5 b5 18. a3 Rc4 19. Rd1 Rfc8 20. e5 {[%cal Re5d6]} R4c6 (20... e6 $5 {[%cal Re6d5]} 21. Qxd6 Qb7 $11) 21. exd6 Rxd6 22. Qf3 Rxd1+ 23. Qxd1 Qf5 24. Ke2 Qe6 25. Qd3 Qb3 26. Bc1 Be5 27. Qe4 Bd6 28. Rd1 Rc4 29. Qa8+ Kg7 30. Qd5 Qc2+ 31. Kf1 $1 Bc5 {[%csl Gc5][%cal Rc2f2]} 32. Qe5+ Kg6 {[%csl Gc5][%cal Rc2f2]} 33. Qe2 Qf5 {And now ...Re4 would win.} 34. Kg2 $1 Re4 35. Qf3 Qe5 (35... Bd6 $11) 36. Rd8 $40 {[%mdl 128] Rg8+ would kill now. White is out for blood.} Kg7 37. Qxh5 {[%csl Gc1,Gg5][%cal Rh5h6]} Qe6 38. Qh6+ $1 Qxh6 39. gxh6+ {[%mdl 4096] Endgame KRB-KRB} Kf6 40. Kf3 Re1 41. Bf4 $1 e5 42. Bg3 $1 e4+ 43. Kg4 {Strongly threatening Rc8.} Re2 (43... Rg1 $16 44. Kf4 e3 45. Bh4+ (45. fxe3 Bxe3+ 46. Kxe3 Rxg3+ 47. Kd4 Rg2 $16) 45... Ke6) 44. Rd5 (44. Bh4+ $18 {has better winning chances.} Ke5 45. Re8+ Kd6 46. Re7 Bxf2 47. Rxf7 Bxh4 48. Kxh4) 44... Bf8 45. b4 Kg6 46. Rg5+ Kf6 47. Rf5+ Ke6 {[#]} 48. Re5+ $1 Kd7 49. Rd5+ ({Better is} 49. Bh4 $16) 49... Ke6 $1 $11 {[%cal Re6d5]} 50. Rd8 f5+ 51. Kh5 Be7 52. Re8 $2 {[%mdl 8192] [#]} (52. Rh8 $1 $11 e3 53. Rxh7) 52... Kd7 $4 {[%mdl 8192]} (52... e3 $1 $19 {[%cal Re3f2]} 53. fxe3 Rxe3) 53. Rh8 $18 f4 54. Bh4 ({Worse is} 54. Rxh7 fxg3 55. Rxe7+ (55. fxg3 $2 Rf2 $19) 55... Kxe7 $11) 54... e3 $2 (54... Bxh4 55. Rxh7+ Ke6) 55. Rxh7 exf2 {[#]} 56. Bxf2 $1 {[%mdl 512]} f3 (56... Rxf2 57. Rxe7+) 57. Bh4 $2 (57. Rf7 $18 Re5+ 58. Kg4 Rg5+ 59. Kxf3) 57... f2 $2 {[%mdl 8192]} (57... Re5+ $11 58. Kg6 Re6+ 59. Kf5 f2 60. Rxe7+ (60. Bxf2 Rf6+ 61. Kg4 Rxf2 $11) 60... Rxe7 61. Bxf2 Re6) 58. Rf7 {White is clearly winning.} Re5+ 59. Kg6 {aiming for h7.} Re6+ 60. Kg7 Rf6 61. Bxf2 {Precision: White = 60%, Black = 47%.} 1-0

[Event "EIWCC 2018"]
[Site "Vysoke Tatry"]
[Date "2018.04.10"]
[Round "3"]
[White "Novosadova, Kristyna"]
[Black "Caglar, Sila"]
[Result "1/2-1/2"]
[WhiteElo "2240"]
[BlackElo "2077"]
[Annotator "NA"]
[PlyCount "60"]
[EventDate "2018.??.??"]
[EventType "swiss"]
[EventCountry "SVK"]
[SourceTitle "playchess.com"]
[Source "ChessBase"]
[SourceQuality "1"]
[TimeControl "40/5400+30:1800+30"]

1. d4 {[%emt 0:00:00]} Nf6 {[%emt 0:00:11]} 2. c4 {[%emt 0:00:00]} g6 {[%emt 0:00:30]} 3. Nc3 {[%emt 0:00:24]} Bg7 {[%emt 0:01:26]} 4. e4 {[%emt 0:00:53]} d6 {[%emt 0:00:08]} 5. f3 {[%emt 0:01:53]} O-O {[%emt 0:00:21]} 6. Be3 {[%emt 0:00:14]} e5 {[%emt 0:00:13]} 7. d5 {[%emt 0:00:42]} c6 {[%emt 0:00:11]} 8. Qd2 {[%emt 0:05:37]} a6 {[%emt 0:03:17]} 9. dxc6 {[%emt 0:06:39]} Nxc6 {[%emt 0:00:21]} 10. Rd1 {[%emt 0:15:39]} Qa5 {[%emt 0:03:18]} 11. Bd3 {[%emt 0:03:45]} Nh5 {[%emt 0:02:30]} 12. Nge2 {[%emt 0:01:15]} Be6 {[%emt 0:05:37]} 13. O-O {[%emt 0:06:07]} Rac8 {[%emt 0:07:17]} 14. b3 {[%emt 0:01:50]} Nf4 {[%emt 0:04:32]} 15. g3 {[%emt 0:11:25]} Nxe2+ {[%emt 0:06:36]} 16. Nxe2 {[%emt 0:00:36]} Qc7 {[%emt 0:05:43]} 17. Bb1 {[%emt 0:04:31]} Rcd8 {[%emt 0:01:12]} 18. Rc1 {[%emt 0:03:39]} f5 {[%emt 0:07:13]} 19. exf5 {[%emt 0:07:06]} gxf5 {[%emt 0:01:09]} 20. Nc3 {[%emt 0:04:52]} f4 {[%emt 0:16:56]} 21. Nd5 {[%emt 0:10:24]} fxe3 {[%emt 0:11:47]} 22. Qd3 {[%emt 0:00:13]} Bxd5 {[%emt 0:03:01]} 23. Qxh7+ {[%emt 0:01:30]} Kf7 {[%emt 0:00:02]} 24. cxd5 {[%emt 0:01:58]} e2 {[%emt 0:03:33]} 25. Rf2 {[%emt 0:05:08]} Qa5 {[%emt 0:06:13]} 26. Qg6+ {[%emt 0:02:25]} Kg8 {[%emt 0:00:13]} 27. Qh7+ {[%emt 0:02:30]} Kf7 {[%emt 0:00:09]} 28. Qg6+ {[%emt 0:01:59]} Kg8 29. Qe6+ Rf7 30. Rxe2 Nd4 1/2-1/2

[Event "EIWCC 2018"]
[Site "Vysoke Tatry"]
[Date "2018.04.10"]
[Round "3"]
[White "Maltsevskaya, Aleksandra"]
[Black "Voit, Daria"]
[Result "1-0"]
[WhiteElo "2237"]
[BlackElo "2388"]
[Annotator "NA"]
[PlyCount "69"]
[EventDate "2018.??.??"]
[EventType "swiss"]
[EventCountry "SVK"]
[SourceTitle "playchess.com"]
[Source "ChessBase"]
[SourceQuality "1"]
[TimeControl "40/5400+30:1800+30"]

1. e4 {[%emt 0:00:00]} e6 {[%emt 0:00:06]} 2. d3 {[%emt 0:02:32]} d5 {[%emt 0:02:13]} 3. Nd2 {[%emt 0:00:07]} c5 {[%emt 0:00:07]} 4. Ngf3 {[%emt 0:00:06]} Nc6 {[%emt 0:00:24]} 5. c3 {[%emt 0:00:11]} Nf6 {[%emt 0:00:39]} 6. g3 {[%emt 0:00:08]} Be7 {[%emt 0:05:44]} 7. Bg2 {[%emt 0:00:09]} O-O {[%emt 0:00:04]} 8. O-O {[%emt 0:00:10]} Qc7 {[%emt 0:00:06]} 9. Re1 {[%emt 0:00:10]} b5 {[%emt 0:07:07]} 10. Nf1 {[%emt 0:01:55]} Bb7 {[%emt 0:16:53]} 11. e5 {[%emt 0:24:40]} Nd7 {[%emt 0:00:05]} 12. d4 {[%emt 0:02:04]} b4 {[%emt 0:02:46]} 13. h4 {[%emt 0:00:31]} Rfc8 {[%emt 0:05:37]} 14. Ng5 {[%emt 0:09:02]} h6 {[%emt 0:07:01]} 15. Nh3 {[%emt 0:01:35]} bxc3 {[%emt 0:10:11]} 16. bxc3 {[%emt 0:00:12]} cxd4 {[%emt 0:00:10]} 17. cxd4 {[%emt 0:00:06]} Bb4 {[%emt 0:01:01]} 18. Re3 {[%emt 0:13:19]} Ne7 {[%emt 0:08:03]} 19. Rb3 {[%emt 0:09:13]} Ba5 {[%emt 0:01:46]} 20. Ba3 {[%emt 0:07:18]} Nb6 {[%emt 0:00:53]} 21. Rc1 {[%emt 0:01:14]} Qd7 {[%emt 0:00:32]} 22. Bc5 {[%emt 0:02:09]} Nc4 {[%emt 0:08:06]} 23. Rxc4 {[%emt 0:03:04]} dxc4 {[%emt 0:03:28]} 24. Rxb7 {[%emt 0:00:06]} Bc7 {[%emt 0:00:19]} 25. Ne3 {[%emt 0:04:49]} Rcb8 {[%emt 0:06:45]} 26. Nxc4 {[%emt 0:01:28]} Rxb7 {[%emt 0:01:26]} 27. Bxb7 {[%emt 0:00:07]} Rb8 {[%emt 0:00:02]} 28. Be4 {[%emt 0:00:28]} Nd5 {[%emt 0:01:07]} 29. Bc2 {[%emt 0:01:08]} Qb5 {[%emt 0:00:39]} 30. Qd3 {[%emt 0:01:05]} g6 {[%emt 0:00:11]} 31. h5 {[%emt 0:00:44]} Nb4 {[%emt 0:02:18]} 32. Bxb4 {[%emt 0:00:24]} Qxb4 {[%emt 0:00:03]} 33. hxg6 {[%emt 0:00:09]} Qf8 {[%emt 0:01:23]} 34. gxf7+ {[%emt 0:00:06]} Qxf7 {[%emt 0:00:02]} 35. Nf4 {[%emt 0:00:15]} 1-0

[Event "EIWCC 2018"]
[Site "Vysoke Tatry"]
[Date "2018.04.10"]
[Round "3"]
[White "Solozhenkina, Elizaveta"]
[Black "Ferkova, Dominika"]
[Result "1-0"]
[WhiteElo "2236"]
[BlackElo "2068"]
[Annotator "NA"]
[PlyCount "45"]
[EventDate "2018.??.??"]
[EventType "swiss"]
[EventCountry "SVK"]
[SourceTitle "playchess.com"]
[Source "ChessBase"]
[SourceQuality "1"]
[TimeControl "40/5400+30:1800+30"]

1. e4 {[%emt 0:00:00]} c6 {[%emt 0:00:04]} 2. d4 {[%emt 0:00:00]} d5 {[%emt 0:00:05]} 3. Nc3 {[%emt 0:00:00]} dxe4 {[%emt 0:00:05]} 4. Nxe4 {[%emt 0:00:00]} Bf5 {[%emt 0:00:06]} 5. Ng3 {[%emt 0:00:00]} Bg6 {[%emt 0:00:05]} 6. Nh3 {[%emt 0:00:00]} h6 {[%emt 0:03:50]} 7. Bc4 {[%emt 0:00:24]} e6 {[%emt 0:03:31]} 8. Nf4 {[%emt 0:01:05]} Bh7 {[%emt 0:00:16]} 9. O-O {[%emt 0:00:07]} Nf6 {[%emt 0:18:25]} 10. Re1 {[%emt 0:00:22]} Be7 {[%emt 0:10:19]} 11. Bxe6 {[%emt 0:06:08]} O-O {[%emt 0:00:24]} 12. Bf5 {[%emt 0:09:16]} Nd5 {[%emt 0:17:36]} 13. c3 {[%emt 0:15:34]} Bd6 {[%emt 0:10:34]} 14. Nxd5 {[%emt 0:02:46]} cxd5 {[%emt 0:00:10]} 15. Bxh7+ {[%emt 0:10:05]} Kxh7 {[%emt 0:00:06]} 16. Qd3+ {[%emt 0:00:09]} Kg8 {[%emt 0:01:19]} 17. Nf5 {[%emt 0:02:45]} Nc6 {[%emt 0:03:07]} 18. Qf3 {[%emt 0:05:14]} Kh8 {[%emt 0:06:47]} 19. Bd2 {[%emt 0:05:30]} Bc7 {[%emt 0:05:21]} 20. Re3 {[%emt 0:04:23]} Qd7 {[%emt 0:03:04]} 21. Qg4 {[%emt 0:03:01]} g6 {[%emt 0:02:32]} 22. Qh4 {[%emt 0:07:18]} h5 {[%emt 0:03:41]} 23. Qf6+ {[%emt 0:00:09]} 1-0

[Event "EIWCC 2018"]
[Site "Vysoke Tatry"]
[Date "2018.04.10"]
[Round "3"]
[White "Gevorgyan, Maria"]
[Black "Arakhamia-Grant, Ketevan"]
[Result "0-1"]
[WhiteElo "2226"]
[BlackElo "2347"]
[Annotator "NA"]
[PlyCount "78"]
[EventDate "2018.??.??"]
[EventType "swiss"]
[EventCountry "SVK"]
[SourceTitle "playchess.com"]
[Source "ChessBase"]
[SourceQuality "1"]
[TimeControl "40/5400+30:1800+30"]

1. e4 {[%emt 0:00:00]} d5 {[%emt 0:00:07]} 2. exd5 {[%emt 0:00:00]} Qxd5 {[%emt 0:00:05]} 3. Nc3 {[%emt 0:00:11]} Qa5 {[%emt 0:00:05]} 4. d4 {[%emt 0:00:11]} Nf6 {[%emt 0:00:07]} 5. Nf3 {[%emt 0:01:31]} Bf5 {[%emt 0:00:09]} 6. Bd2 {[%emt 0:02:50]} e6 {[%emt 0:00:28]} 7. Ne5 {[%emt 0:02:24]} Qb6 {[%emt 0:00:55]} 8. Qf3 {[%emt 0:27:07]} c6 {[%emt 0:00:29]} 9. O-O-O {[%emt 0:01:50]} Nbd7 {[%emt 0:00:36]} 10. Nc4 {[%emt 0:03:23]} Qd8 {[%emt 0:00:44]} 11. h3 {[%emt 0:00:41]} b5 {[%emt 0:24:23]} 12. Ne3 {[%emt 0:01:25]} b4 {[%emt 0:26:55]} 13. Nxf5 {[%emt 0:04:33]} bxc3 {[%emt 0:00:37]} 14. Bxc3 {[%emt 0:00:51]} exf5 {[%emt 0:00:08]} 15. Qxc6 {[%emt 0:01:11]} Be7 {[%emt 0:08:16]} 16. d5 {[%emt 0:19:38]} Ne4 {[%emt 0:00:50]} 17. Bxg7 {[%emt 0:03:34]} Rg8 {[%emt 0:00:18]} 18. Bd4 {[%emt 0:01:17]} Rg6 {[%emt 0:00:40]} 19. Qa4 {[%emt 0:04:01]} Kf8 {[%emt 0:00:13]} 20. Bb5 {[%emt 0:05:05]} Nb6 {[%emt 0:05:50]} 21. Qa5 {[%emt 0:01:08]} Nxd5 {[%emt 0:06:41]} 22. Qe1 {[%emt 0:03:47]} Rb8 {[%emt 0:10:07]} 23. c4 {[%emt 0:05:16]} Qc7 {[%emt 0:00:57]} 24. Kb1 {[%emt 0:01:48]} Nb4 {[%emt 0:04:25]} 25. a3 {[%emt 0:04:07]} Nc6 {[%emt 0:00:53]} 26. Bxc6 {[%emt 0:03:00]} Qxc6 {[%emt 0:00:18]} 27. Qa5 {[%emt 0:00:12]} Bf6 {[%emt 0:02:10]} 28. Qxa7 {[%emt 0:01:24]} Ra8 {[%emt 0:01:56]} 29. Qb6 {[%emt 0:00:35]} Qxb6 {[%emt 0:01:44]} 30. Bxb6 {[%emt 0:00:02]} Bxb2 {[%emt 0:00:17]} 31. Kxb2 {[%emt 0:01:07]} Rxb6+ {[%emt 0:00:05]} 32. Kc2 {[%emt 0:00:09]} Rxa3 {[%emt 0:01:25]} 33. Ra1 {[%emt 0:01:24]} Rc3+ {[%emt 0:00:41]} 34. Kd1 {[%emt 0:00:01]} Nxf2+ {[%emt 0:00:43]} 35. Kd2 {[%emt 0:00:01]} Ne4+ {[%emt 0:00:14]} 36. Ke1 {[%emt 0:00:08]} Rb2 {[%emt 0:00:47]} 37. Rf1 {[%emt 0:00:55]} Rxg2 {[%emt 0:02:16]} 38. Rxf5 {[%emt 0:00:33]} Rg1+ {[%emt 0:00:29]} 39. Rf1 {[%emt 0:00:13]} Re3+ {[%emt 0:00:07]} 0-1